[Event "Tournoi Skype 027B"]
[Site "Skype"]
[Date "????.??.??"]
[Round "4.21"]
[White "Abate, Leonardo"]
[Black "Yilmazer, Seher"]
[Result "0-1"]
[WhiteElo "1000"]
[BlackElo "1267"]
[PlyCount "54"]

1. d4 Nf6 2. c4 e6 3. Nc3 Bb4 4. Bd2 O-O 5. a3 Be7 6. e4 Nc6 7. e5 Ne8 8. Nf3
d6 9. b4 dxe5 10. dxe5 f6 11. Bf4 Qxd1+ 12. Rxd1 a5 13. b5 Nxe5 14. Nxe5 fxe5
15. Bxe5 Bxa3 16. Ne4 Bb4+ 17. Ke2 a4 18. g4 a3 19. Bg2 a2 20. h4 Nd6 21. Nxd6
cxd6 22. Ba1 Bc5 23. Rdf1 Ra4 24. g5 Rxc4 25. Kd3 Rcf4 26. Be4 Bd7 27. f3 Bxb5+
0-1

[Event "Tournoi Skype 027B"]
[Site "Skype"]
[Date "????.??.??"]
[Round "4.22"]
[White "Abdulrazzaq, Mohsen"]
[Black "Erten, Ozlem"]
[Result "0-1"]
[WhiteElo "1000"]
[BlackElo "1288"]
[PlyCount "69"]

1. e4 c6 2. d4 d5 3. Nc3 dxe4 4. Nxe4 Bf5 5. Bd3 Qxd4 6. Nf3 Qd8 7. Nc5 e6 8.
Be3 b6 9. Ne4 Nf6 10. Bg5 Be7 11. Nh4 Nxe4 12. Bxe7 Qxe7 13. Nxf5 exf5 14. O-O
O-O 15. Re1 Rd8 16. Qf3 Nd2 17. Qxf5 g6 18. Rxe7 gxf5 19. Bxf5 Na6 20. Bd3 Nc5
21. Rd1 Nxd3 22. Rxd2 Nxb2 23. Rxd8+ Rxd8 24. h3 a5 25. Re4 Rd1+ 26. Kh2 Rd2
27. c4 Rxf2 28. h4 Rc2 29. h5 Rxc4 30. Re2 Nd3 31. h6 Rh4+ 32. Kg3 Rxh6 33. Kg4
Rg6+ 34. Kh5 Nf4+ 35. Kh4 0-1

[Event "Tournoi Skype 027B"]
[Site "Skype"]
[Date "????.??.??"]
[Round "4.23"]
[White "Rosenkoetter, David"]
[Black "Malbec, Robert"]
[Result "0-1"]
[WhiteElo "1286"]
[BlackElo "1233"]
[PlyCount "110"]

1. c4 e5 2. g3 c6 3. Nc3 Bb4 4. Qc2 Bxc3 5. Qxc3 d6 6. d3 Nf6 7. Bg2 Nbd7 8.
Bg5 h6 9. Bd2 O-O 10. Nf3 Nc5 11. Qc2 Bf5 12. Nh4 Bh7 13. e4 Ne6 14. Nf5 Bxf5
15. exf5 Nd4 16. Qd1 Nxf5 17. O-O Qb6 18. b3 Rfe8 19. Re1 d5 20. cxd5 cxd5 21.
Rc1 Qa6 22. Rc2 Qxd3 23. Rc5 Rad8 24. Rc3 Qa6 25. Qc2 Nd4 26. Qb2 Ne2+ 27. Kh1
Nxc3 28. Bxc3 d4 29. Bd2 Rc8 30. Bf3 Qb5 31. g4 b6 32. g5 hxg5 33. Bxg5 Nh7 34.
Rg1 Nxg5 35. Be2 Qc6+ 36. f3 Nxf3 37. Rg3 Qc1+ 38. Qxc1 Rxc1+ 39. Kg2 Nh4+ 40.
Kh3 Nf5 41. Rf3 Rc3 42. Rxc3 dxc3 43. Bd3 Nh6 44. Kg3 e4 45. Bc2 Nf5+ 46. Kf4
Nd6 47. Ke3 f5 48. h4 Re6 49. Kf4 e3 50. b4 e2 51. Bb3 Kf7 52. Kg5 e1=Q 53. Bd5
Ke7 54. Bf3 Qg1+ 55. Kh5 Rh6# 0-1

[Event "Tournoi Skype 027B"]
[Site "Skype"]
[Date "????.??.??"]
[Round "4.24"]
[White "Montilla Bejarano, Carmen"]
[Black "Scata, Laura"]
[Result "1-0"]
[WhiteElo "1077"]
[BlackElo "1273"]
[PlyCount "61"]

1. e4 c6 2. Nf3 d5 3. exd5 cxd5 4. d4 Nf6 5. Bd3 Nc6 6. O-O Bg4 7. Re1 Nxd4 8.
Nbd2 e6 9. c3 Nxf3+ 10. Nxf3 a6 11. Be2 Bd6 12. Qa4+ b5 13. Qd4 O-O 14. Bg5 Be7
15. Bxf6 Bxf6 16. Qxg4 Qb6 17. Rad1 a5 18. Rd3 Rfc8 19. Nd2 b4 20. Rf3 Kf8 21.
Bd3 bxc3 22. bxc3 Qb2 23. Nf1 Rxc3 24. Rb1 Qxa2 25. Bxh7 a4 26. Qb4+ Be7 27.
Qxc3 Bf6 28. Qc5+ Be7 29. Qc7 a3 30. Rb8+ Bd8 31. Qxd8# 1-0

[Event "Tournoi Skype 027B"]
[Site "Skype"]
[Date "????.??.??"]
[Round "4.25"]
[White "Gomez Zuluaga, Jorge Adiel"]
[Black "Torres, Vicky"]
[Result "0-1"]
[WhiteElo "1000"]
[BlackElo "1256"]
[PlyCount "84"]

1. e4 c5 2. c4 e6 3. Nc3 Nc6 4. Nf3 Nf6 5. e5 Ng4 6. h3 Ngxe5 7. Qe2 Ng6 8. Qe3
Nb4 9. Kd1 Be7 10. Ne5 Nxe5 11. Qxe5 O-O 12. h4 Nc6 13. Qg3 Nd4 14. h5 h6 15.
d3 d5 16. Bxh6 Nf5 17. Qf4 Bf6 18. Bxg7 Kxg7 19. h6+ Kh7 20. Kc2 Bg5 21. Qg4
Rg8 22. Qh5 Qf6 23. cxd5 exd5 24. Nxd5 Qxh6 25. Qxf7+ Rg7 26. Rxh6+ Bxh6 27.
Qf8 Bg5 28. Be2 Nd4+ 29. Kc3 Nxe2+ 30. Kc4 b6 31. Rh1+ Bh6 32. Nf6+ Kg6 33. Ng8
Ba6+ 34. Kd5 Rxf8 35. Rxh6+ Kg5 36. Re6 Nf4+ 37. Ke5 Nxe6 38. Nh6 Kxh6 39. Kxe6
Bxd3 40. g3 Bf5+ 41. Ke5 Re7+ 42. Kf4 Bh3# 0-1

[Event "Tournoi Skype 027B"]
[Site "Skype"]
[Date "????.??.??"]
[Round "4.26"]
[White "Ruiz Aguilera, Juan Jesus"]
[Black "Aroucha, Abraao"]
[Result "1/2-1/2"]
[WhiteElo "1083"]
[BlackElo "1376"]
[PlyCount "81"]

1. e4 c5 2. c4 d6 3. d3 g6 4. Nf3 Bg7 5. Be2 Nf6 6. Nc3 O-O 7. O-O Nc6 8. Be3
Bd7 9. h3 e6 10. d4 cxd4 11. Nxd4 e5 12. Nxc6 Bxc6 13. Bf3 a6 14. Nd5 Nxd5 15.
cxd5 Bb5 16. Be2 Bxe2 17. Qxe2 Qd7 18. Rac1 Qa4 19. Qc4 Qd7 20. Qc7 Qxc7 21.
Rxc7 b5 22. b4 Rfe8 23. Rfc1 Kf8 24. R1c6 Re7 25. Rxe7 Kxe7 26. Bb6 Bf8 27. Bc7
Kd7 28. Kf1 Rc8 29. Bb6 Rxc6 30. dxc6+ Kxc6 31. Be3 f5 32. f3 d5 33. exd5+ Kxd5
34. Ke2 Bxb4 35. f4 e4 36. g3 h5 37. h4 a5 38. Bd2 Kc4 39. Ke3 Bc5+ 40. Ke2 a4
41. Bc1 1/2-1/2

[Event "Tournoi Skype 027B"]
[Site "Skype"]
[Date "????.??.??"]
[Round "4.28"]
[White "Barrionuevo, Hilario"]
[Black "Lopes, Marcia Maria"]
[Result "0-1"]
[WhiteElo "1058"]
[BlackElo "1363"]
[PlyCount "72"]

1. d4 Nf6 2. Bg5 e6 3. e3 b6 4. Nd2 Bb7 5. Ngf3 h6 6. Bh4 c5 7. c3 Be7 8. Bd3
d6 9. e4 Nbd7 10. O-O O-O 11. Re1 e5 12. d5 Rc8 13. Ng5 hxg5 14. Bxg5 Nh7 15.
h4 Bxg5 16. hxg5 Qxg5 17. Nf3 Qf6 18. Nh2 Ng5 19. Ng4 Qd8 20. Re3 Nf6 21. Rg3
Nxg4 22. Rxg4 Qf6 23. Rh4 Rc7 24. Qh5 Qh6 25. Qg4 Qg6 26. Rh5 Nh7 27. Qh4 Bc8
28. Rxh7 Qxh7 29. g3 Qxh4 30. gxh4 g6 31. Kg2 f6 32. Rh1 Rh7 33. Be2 Kg7 34.
Rh2 Rfh8 35. Kg3 g5 36. Bh5 Rxh5 0-1

[Event "Tournoi Skype 027B"]
[Site "Skype"]
[Date "????.??.??"]
[Round "4.29"]
[White "Clemente Alcahua, Kaparso"]
[Black "Yanez, Leticia Jorgelina"]
[Result "0-1"]
[WhiteElo "1308"]
[BlackElo "1073"]
[PlyCount "26"]

1. e4 e5 2. Nf3 Nc6 3. Bb5 a6 4. Ba4 Nf6 5. d3 Be7 6. c3 b5 7. Bc2 O-O 8. h3 d5
9. exd5 Nxd5 10. O-O Nf4 11. Kh1 Bh4 12. Nxe5 Qg5 13. Nf3 Qxg2# 0-1

[Event "Tournoi Skype 027B"]
[Site "Skype"]
[Date "????.??.??"]
[Round "4.30"]
[White "Alverson, Ginny"]
[Black "Le Bouill, Pierre"]
[Result "0-1"]
[WhiteElo "1016"]
[BlackElo "1308"]
[PlyCount "72"]

1. Nf3 Nf6 2. d4 d5 3. e3 c6 4. Bd3 e6 5. O-O Bd6 6. Nbd2 Qc7 7. c4 O-O 8. Qc2
dxc4 9. Nxc4 Nbd7 10. Nxd6 Qxd6 11. Ng5 g6 12. Ne4 Nxe4 13. Bxe4 Nf6 14. Qc5
Rd8 15. Qe5 Qxe5 16. dxe5 Nxe4 17. f3 Nc5 18. b4 Nd7 19. Bb2 b5 20. Rac1 Bb7
21. f4 a5 22. Ba3 axb4 23. Bxb4 Rxa2 24. Be7 Re8 25. Bg5 Nb6 26. Rcd1 Nc4 27.
Rf3 c5 28. Rh3 Rd2 29. Rxd2 Nxd2 30. Rg3 Ne4 31. Rg4 Nxg5 32. Rxg5 Kg7 33. f5
f6 34. exf6+ Kxf6 35. Rg3 exf5 36. Rf3 Bxf3 0-1

[Event "Tournoi Skype 027B"]
[Site "Skype"]
[Date "????.??.??"]
[Round "4.31"]
[White "Fernandez, Raquel"]
[Black "Douichi, Mohammed"]
[Result "0-1"]
[WhiteElo "1000"]
[BlackElo "1277"]
[PlyCount "62"]

1. e4 e5 2. Nf3 Nc6 3. Bc4 a6 4. a4 Nf6 5. Nc3 Bc5 6. O-O O-O 7. Nd5 Nxe4 8. d3
Nf6 9. Bg5 d6 10. Nxf6+ gxf6 11. Be3 Bxe3 12. fxe3 f5 13. d4 e4 14. d5 Ne7 15.
b4 exf3 16. Qxf3 Ng6 17. g3 Ne5 18. Qe2 Qg5 19. Bd3 Bd7 20. b5 axb5 21. axb5
Rxa1 22. Rxa1 Ng4 23. Rf1 Nxe3 24. Rf3 Nxd5 25. c4 Nc3 26. Qc2 Qg4 27. Rf4 Qd1+
28. Qxd1 Nxd1 29. Bxf5 Bxf5 30. Rxf5 Ne3 31. Rc5 dxc5 0-1

[Event "Tournoi Skype 027B"]
[Site "Skype"]
[Date "????.??.??"]
[Round "4.32"]
[White "Jimenez Cabrera, Rodolfo"]
[Black "Trapletti, Cosetta"]
[Result "1-0"]
[WhiteElo "1225"]
[BlackElo "1050"]
[PlyCount "79"]

1. d4 d5 2. Nc3 Nf6 3. Nf3 Bf5 4. e3 e6 5. a3 Bd6 6. Bd2 c5 7. Qe2 Nc6 8. h3
O-O 9. g4 Bxc2 10. g5 Nh5 11. Bg2 Qb6 12. O-O Qxb2 13. Ne5 Nxe5 14. dxe5 Bxe5
15. Qxh5 g6 16. Qf3 Bf5 17. Qe2 Qb6 18. Na4 Qd6 19. Rac1 c4 20. f4 Bb2 21. Nxb2
Qxa3 22. Bc3 Qc5 23. Qf3 Rae8 24. Bd4 Qd6 25. Qg3 f6 26. gxf6 a6 27. Qf2 Rf7
28. h4 Bg4 29. Bf3 b6 30. Bxg4 h5 31. Bh3 e5 32. fxe5 Qf8 33. e6 Rxe6 34. Bxe6
Qe8 35. Bxf7+ Qxf7 36. Be5 Qe6 37. Qf4 b5 38. Qh6 Qf7 39. Bd6 Qe8 40. Qg7# 1-0

[Event "Tournoi Skype 027B"]
[Site "Skype"]
[Date "????.??.??"]
[Round "4.33"]
[White "Conde, Carmen"]
[Black "Clayton, Estelita"]
[Result "1-0"]
[WhiteElo "1214"]
[BlackElo "1001"]
[PlyCount "69"]

1. e4 e5 2. Nf3 Nc6 3. a3 a6 4. Bc4 d6 5. d3 h6 6. b4 Be6 7. h3 Bxc4 8. dxc4
Nf6 9. Nc3 Be7 10. Qe2 O-O 11. Bb2 Nd4 12. Qd3 Nxf3+ 13. Qxf3 c5 14. b5 Nd7 15.
Rd1 Nb6 16. Qe2 Qd7 17. O-O Qe6 18. Nd5 Nxd5 19. Rxd5 Qd7 20. a4 Bf6 21. Qe3
Qc7 22. f4 Rfe8 23. Qg3 Qa5 24. Rxd6 Re6 25. Rd5 Qxa4 26. fxe5 Be7 27. c3 Qxc4
28. Ba3 Qxe4 29. Rd7 axb5 30. Bc1 Ra1 31. Rc7 Rg6 32. Qf3 Qxe5 33. Rc8+ Kh7 34.
Qxf7 Bg5 35. Qg8# 1-0

[Event "Tournoi Skype 027B"]
[Site "Skype"]
[Date "????.??.??"]
[Round "4.35"]
[White "Florez Beltran, Leidy Lucila"]
[Black "Vervoort, Jean-Louis"]
[Result "1-0"]
[WhiteElo "1000"]
[BlackElo "1180"]
[PlyCount "59"]

1. e4 e5 2. Nf3 Nc6 3. Bc4 Bc5 4. c3 Nf6 5. d4 exd4 6. cxd4 Bb4+ 7. Bd2 Bxd2+
8. Nbxd2 Nxd4 9. Nxd4 d6 10. O-O O-O 11. Re1 Bg4 12. Qb3 c5 13. N4f3 Qa5 14.
Rad1 b6 15. h3 Bxf3 16. Nxf3 Rae8 17. e5 dxe5 18. Nxe5 Re7 19. Bxf7+ Kh8 20.
Ng6+ hxg6 21. Rxe7 Kh7 22. Qg3 Qa4 23. Rdd7 Rxf7 24. Rxf7 Nxd7 25. Qc7 Qd1+ 26.
Kh2 Nf6 27. Rxf6 Kh6 28. Qf4+ Kh5 29. g3 gxf6 30. Qh4# 1-0

[Event "Tournoi Skype 027B"]
[Site "Skype"]
[Date "????.??.??"]
[Round "4.36"]
[White "More, Sanskruti"]
[Black "Homme, Jim"]
[Result "1-0"]
[WhiteElo "1000"]
[BlackElo "1130"]
[PlyCount "73"]

1. e4 e5 2. Nf3 Nc6 3. Bb5 a6 4. Ba4 b5 5. Bb3 Nf6 6. O-O Bc5 7. a4 O-O 8. axb5
Nb4 9. d4 exd4 10. c3 dxc3 11. bxc3 Nc6 12. bxc6 dxc6 13. Qxd8 Rxd8 14. Re1 Ng4
15. Rf1 Bxf2+ 16. Rxf2 Nxf2 17. Kxf2 Re8 18. Ng5 h6 19. Bxf7+ Kf8 20. Bxe8 Kxe8
21. Nf3 Bg4 22. Bf4 Bxf3 23. gxf3 Kd7 24. Nd2 g5 25. Be3 a5 26. Nb3 a4 27. Rd1+
Ke8 28. Nd4 Rd8 29. Ra1 Ra8 30. Nxc6 a3 31. Na7 Rd8 32. Rxa3 Ra8 33. Ra6 Kd7
34. Rxh6 Rg8 35. Rh7+ Ke8 36. Nc6 Rf8 37. Re7# 1-0

[Event "Tournoi Skype 027B"]
[Site "Skype"]
[Date "????.??.??"]
[Round "4.37"]
[White "Cengiz, Ali Ekber"]
[Black "Barba Cepeda, Julio Cesar"]
[Result "1/2-1/2"]
[WhiteElo "1129"]
[BlackElo "1000"]
[PlyCount "70"]

1. e4 e5 2. Nf3 Nc6 3. a3 Nf6 4. Nc3 Be7 5. Bc4 O-O 6. d3 h6 7. Be3 d6 8. h3 a6
9. Ne2 b5 10. Ba2 Bb7 11. c3 a5 12. Ng3 b4 13. cxb4 axb4 14. Nf5 bxa3 15. bxa3
d5 16. N5h4 Bxa3 17. O-O dxe4 18. dxe4 Qxd1 19. Rfxd1 Nxe4 20. Rd7 Bd6 21. Ng6
Bc8 22. Nxf8 Kxf8 23. Rxf7+ Ke8 24. Rxg7 Be6 25. Rh7 Rxa2 26. Rxa2 Bxa2 27.
Bxh6 Ne7 28. Be3 Bb1 29. Rh8+ Kd7 30. Nd2 Nxd2 31. Bxd2 e4 32. Rb8 Bd3 33. Rb3
Nc6 34. Be3 Ne5 35. Bd4 Ng6 1/2-1/2

[Event "Tournoi Skype 027B"]
[Site "Skype"]
[Date "????.??.??"]
[Round "4.38"]
[White "Hernandez, Ivan"]
[Black "De Fazio, Monica"]
[Result "0-1"]
[WhiteElo "1000"]
[BlackElo "1125"]
[PlyCount "54"]

1. e4 e5 2. Nf3 Nc6 3. Bc4 Be7 4. Nc3 Nf6 5. d3 d6 6. O-O O-O 7. Bd2 Bg4 8. h3
Bxf3 9. Qxf3 Nd4 10. Qd1 c6 11. a3 d5 12. exd5 cxd5 13. Re1 dxc4 14. Rxe5 Qc7
15. f4 Bd6 16. Nd5 Nxd5 17. Rxd5 Bc5 18. c3 Nc2+ 19. d4 Bxd4+ 20. cxd4 Nxa1 21.
Qxa1 Rfe8 22. Rg5 Rad8 23. Qd1 Rxd4 24. f5 f6 25. Rxg7+ Qxg7 26. Qg4 Rxg4 27.
hxg4 Re2 0-1

[Event "Tournoi Skype 027B"]
[Site "Skype"]
[Date "????.??.??"]
[Round "4.39"]
[White "Tolaro, Filippa"]
[Black "Schnell, Nicolas"]
[Result "1-0"]
[WhiteElo "1000"]
[BlackElo "1104"]
[PlyCount "99"]

1. Nf3 e6 2. d4 Nf6 3. e3 Ne4 4. Bd3 Bb4+ 5. Nbd2 Nf6 6. a3 Ba5 7. O-O Bb6 8.
b4 c6 9. Nc4 Qc7 10. Nxb6 Ng4 11. g3 axb6 12. Bb2 d5 13. c4 O-O 14. Qc2 b5 15.
cxd5 exd5 16. Bxb5 Qd8 17. Be2 Nf6 18. Ne5 Ne4 19. Bd3 Ng5 20. f4 Nh3+ 21. Kh1
Qf6 22. Be2 Nd7 23. Bg4 Qh6 24. Bxd7 Bxd7 25. Nxd7 Qe6 26. Nxf8 Rxf8 27. Rae1
b6 28. e4 dxe4 29. Rxe4 Qd5 30. Rfe1 Re8 31. Qg2 Rxe4 32. Rxe4 g5 33. Re8+ Kg7
34. fxg5 Nf2+ 35. Kg1 Qxg2+ 36. Kxg2 Nd1 37. Bc1 f5 38. Re7+ Kg6 39. b5 cxb5
40. d5 h6 41. gxh6 Kh5 42. h3 f4 43. h7 Ne3+ 44. Bxe3 Kg5 45. h8=Q fxe3 46.
Qg7+ Kf5 47. Qg4+ Kf6 48. Qe6+ Kg5 49. Rg7+ Kh5 50. Qg6# 1-0

[Event "Tournoi Skype 027B"]
[Site "Skype"]
[Date "????.??.??"]
[Round "4.40"]
[White "Rivalta, Paolo"]
[Black "Rodriguez Tovar, Liliana"]
[Result "1-0"]
[WhiteElo "1095"]
[BlackElo "1000"]
[PlyCount "63"]

1. e4 e5 2. Nf3 Nc6 3. Bc4 Nf6 4. Nc3 Bc5 5. O-O d6 6. Ng5 O-O 7. d3 Bg4 8. Qd2
Ne7 9. h3 Bh5 10. a3 h6 11. Nf3 c6 12. b4 Bb6 13. Bb2 a5 14. b5 d5 15. Nxe5 d4
16. Na4 Bc7 17. Nf3 Bxf3 18. gxf3 Qd6 19. f4 Ng6 20. e5 Qe6 21. Bxe6 Ne8 22.
Bf5 Ne7 23. Bg4 Rd8 24. b6 Bb8 25. Kh1 Rd5 26. Rg1 Bxe5 27. fxe5 Rxe5 28. Bxd4
Rd5 29. Bc5 Nf6 30. Bf3 Re5 31. Qxh6 Re6 32. Qxg7# 1-0

[Event "Tournoi Skype 027B"]
[Site "Skype"]
[Date "????.??.??"]
[Round "4.41"]
[White "Maalik, Aakash"]
[Black "Lopez, Marco"]
[Result "1/2-1/2"]
[WhiteElo "1000"]
[BlackElo "1405"]
[PlyCount "33"]

1. d4 d5 2. Bf4 Nf6 3. e3 e6 4. c3 Nbd7 5. Nf3 Be7 6. Nbd2 c6 7. Bd3 b6 8. O-O
O-O 9. Ne5 Bb7 10. Rc1 Qc8 11. Qc2 Ba6 12. Ndf3 Bxd3 13. Qxd3 Nxe5 14. dxe5 Nh5
15. g4 Nxf4 16. exf4 f6 17. Rce1 1/2-1/2

[Event "Tournoi Skype 027B"]
[Site "Skype"]
[Date "????.??.??"]
[Round "4.43"]
[White "Dos Reis Cabrera, Jose Manuel"]
[Black "Hampton, Irene"]
[Result "1-0"]
[WhiteElo "1222"]
[BlackElo "1000"]
[PlyCount "43"]

1. d4 b6 2. Bf4 e6 3. e3 Nf6 4. Nd2 h6 5. h3 Bd6 6. Bxd6 cxd6 7. Bd3 Bb7 8.
Ngf3 O-O 9. O-O d5 10. Re1 Qc7 11. c3 Re8 12. e4 Na6 13. e5 Nh5 14. Nh2 Nf4 15.
Bc2 b5 16. Qg4 Nxh3+ 17. Qxh3 Qa5 18. Re3 Rac8 19. Rg3 g5 20. Qxh6 f6 21. Qg6+
Kh8 22. Qh7# 1-0

[Event "Tournoi Skype 027B"]
[Site "Skype"]
[Date "????.??.??"]
[Round "4.44"]
[White "Hernandez, Enrique"]
[Black "Conde, Abigail"]
[Result "1-0"]
[WhiteElo "1000"]
[BlackElo "1196"]
[PlyCount "181"]

1. e4 e5 2. Nf3 d6 3. Nc3 a6 4. d4 Nc6 5. d5 Nce7 6. Be2 c6 7. O-O Nf6 8. Bg5
h6 9. Bxf6 gxf6 10. Nh4 Bg7 11. Qd2 b5 12. h3 Bb7 13. Bf3 a5 14. Rfd1 b4 15.
Na4 c5 16. b3 Ng6 17. Nxg6 fxg6 18. Qd3 Ba6 19. Qd2 O-O 20. Be2 Bc8 21. Bc4 f5
22. a3 f4 23. f3 Rb8 24. axb4 cxb4 25. Qf2 g5 26. Nb2 Rf6 27. Nd3 Rg6 28. Kh2
h5 29. g3 g4 30. gxf4 gxh3 31. Rg1 Rh6 32. f5 Kh7 33. Qg3 Qf6 34. Qxh3 h4 35.
Rg2 Rh5 36. Rag1 Bh6 37. Qg4 Rg5 38. Qh3 Bd7 39. Rxg5 Bxg5 40. f4 exf4 41. Nxf4
Bxf4+ 42. Kh1 Qh6 43. Qg4 Kh8 44. Qg6 h3 45. Qxh6+ Bxh6 46. Rg3 Re8 47. Bd3 a4
48. Kh2 a3 49. Kxh3 a2 50. Rg1 Ra8 51. Ra1 Be8 52. Kg4 Kg7 53. Rf1 Kf6 54. Re1
Bf7 55. e5+ dxe5 56. d6 Rg8+ 57. Kf3 Bh5+ 58. Kf2 Rg4 59. Ra1 Rf4+ 60. Kg3 Rf3+
61. Kh4 Bg5+ 62. Kxh5 Rh3+ 63. Kg4 Rh4+ 64. Kg3 e4 65. d7 Ke5 66. Bf1 e3 67. c3
Kxf5 68. cxb4 Rg4+ 69. Kf3 Re4 70. Rxa2 Rxb4 71. Ra5+ Kg6 72. Rxg5+ Kxg5 73.
d8=Q+ Kf5 74. Bd3+ Ke5 75. Qe7+ Kd4 76. Qxb4+ Kxd3 77. Qc4+ Kd2 78. Qe2+ Kc3
79. Qxe3+ Kb4 80. Ke4 Ka3 81. Kd4 Kb4 82. Qd3 Ka5 83. Qc4 Kb6 84. Kd5 Ka5 85.
b4+ Ka4 86. b5+ Ka5 87. Qc6 Kb4 88. b6 Ka5 89. b7 Kb4 90. b8=Q+ Ka3 91. Qca8#
1-0

[Event "Tournoi Skype 027B"]
[Site "Skype"]
[Date "????.??.??"]
[Round "4.45"]
[White "Marty, Yvette"]
[Black "Porcabeuf, Jean-Marc"]
[Result "0-1"]
[WhiteElo "1000"]
[BlackElo "1181"]
[PlyCount "28"]

1. e4 e6 2. f4 c5 3. c4 Nc6 4. Nc3 e5 5. Bd3 exf4 6. Nce2 Bd6 7. Nxf4 Bxf4 8.
Nf3 Nf6 9. O-O d6 10. Re1 O-O 11. e5 dxe5 12. g3 Qxd3 13. Rf1 Bg4 14. Qa4 Bxf3
0-1

[Event "Tournoi Skype 027B"]
[Site "Skype"]
[Date "????.??.??"]
[Round "4.46"]
[White "Rodriguez, Gisselle"]
[Black "Berbedes, Jorgelina"]
[Result "0-1"]
[WhiteElo "1000"]
[BlackElo "1074"]
[PlyCount "50"]

1. e4 e5 2. Nc3 Nf6 3. d3 Bc5 4. Nf3 d6 5. Be2 O-O 6. Bd2 Bg4 7. O-O Bxf3 8.
gxf3 Nbd7 9. a4 Re8 10. Nb5 c6 11. Nxd6 Bxd6 12. c4 Nc5 13. Bb4 Nh5 14. Ra3 Ne6
15. Qd2 Nef4 16. Re1 Nxe2+ 17. Rxe2 Re6 18. Qc3 Rg6+ 19. Kf1 Qg5 20. Re3 Qg2+
21. Ke2 Nf4+ 22. Kd2 Qxf2+ 23. Re2 Nxe2 24. Bxd6 Nxc3+ 25. Kc1 Rg1# 0-1

[Event "Tournoi Skype 027B"]
[Site "Skype"]
[Date "????.??.??"]
[Round "4.47"]
[White "Santamaria Garcia, Jesus"]
[Black "Trolese, Caterina"]
[Result "1-0"]
[WhiteElo "1000"]
[BlackElo "1040"]
[PlyCount "73"]

1. d4 Nf6 2. c4 g6 3. Nc3 Bg7 4. h3 O-O 5. Nf3 d6 6. e4 Nbd7 7. Bd3 b6 8. O-O
Bb7 9. Re1 Re8 10. Qd2 c5 11. d5 e5 12. Nb5 Qe7 13. Nc7 Rac8 14. Nxe8 Rxe8 15.
a3 a5 16. Qc2 Rb8 17. Bd2 Ba6 18. b3 Qd8 19. b4 b5 20. a4 bxc4 21. Bxc4 Bxc4
22. Qxc4 axb4 23. Reb1 Nb6 24. Qe2 Nh5 25. a5 Na8 26. g3 Qd7 27. Qa6 Qxh3 28.
Qxd6 Nf4 29. Qxb8+ Bf8 30. gxf4 Qg4+ 31. Kf1 Qxf3 32. Bxb4 cxb4 33. Rxb4 exf4
34. Qxa8 Qd3+ 35. Kg2 Kg7 36. Rba4 Qg3+ 37. fxg3 1-0

[Event "Tournoi Skype 027B"]
[Site "Skype"]
[Date "????.??.??"]
[Round "5.1"]
[White "Cayllahua, Braulio Idme"]
[Black "Farfallini, Michel"]
[Result "1-0"]
[WhiteElo "1489"]
[BlackElo "1304"]
[PlyCount "107"]

1. e4 e5 2. Nf3 Nc6 3. Bb5 a6 4. Bxc6 dxc6 5. O-O f6 6. d4 Bg4 7. dxe5 Qe7 8.
exf6 Nxf6 9. Bg5 Qd7 10. Qxd7+ Nxd7 11. Nbd2 h6 12. Bf4 O-O-O 13. h3 Bh5 14. e5
g5 15. Be3 Bg7 16. Bd4 Rhe8 17. e6 Bxd4 18. Nxd4 Nc5 19. N2f3 Nxe6 20. c3 g4
21. Nxe6 Rxe6 22. Nd4 Ree8 23. h4 c5 24. Nf5 Re6 25. Rfe1 Rde8 26. Kf1 Bg6 27.
Rxe6 Rxe6 28. Ne3 Bd3+ 29. Kg1 g3 30. Re1 gxf2+ 31. Kxf2 Rf6+ 32. Kg3 h5 33.
Rd1 Be4 34. Rd2 Rg6+ 35. Kf4 Re6 36. g4 Bc6 37. Nd5 hxg4 38. Kxg4 Re1 39. Nf4
Rh1 40. h5 Bd7+ 41. Kg5 Rg1+ 42. Kf6 Rf1 43. Kg5 c6 44. h6 Rh1 45. Rf2 Kd8 46.
Kg6 Ke7 47. Kg7 Bf5 48. Ng6+ Bxg6 49. Kxg6 Rg1+ 50. Kh7 Ke8 51. Rf6 Ke7 52. Rg6
Rxg6 53. Kxg6 Kf8 54. h7 1-0

[Event "Tournoi Skype 027B"]
[Site "Skype"]
[Date "????.??.??"]
[Round "5.2"]
[White "Franco, Yolima"]
[Black "Thavorath, Nirandas"]
[Result "1-0"]
[WhiteElo "1408"]
[BlackElo "1000"]
[PlyCount "27"]

1. d4 Nf6 2. c4 d5 3. Nc3 Bf5 4. Qb3 dxc4 5. Qxb7 Nbd7 6. e4 Bg6 7. Bxc4 e6 8.
e5 Rb8 9. Qxa7 Ne4 10. Nge2 Nb6 11. Bb5+ Ke7 12. Qa3+ c5 13. Nxe4 f5 14. Bg5+
1-0

[Event "Tournoi Skype 027B"]
[Site "Skype"]
[Date "????.??.??"]
[Round "5.3"]
[White "Babar, Ganesh"]
[Black "Simone, Vale"]
[Result "1-0"]
[WhiteElo "1000"]
[BlackElo "1453"]
[PlyCount "47"]

1. e4 e5 2. Nf3 Nc6 3. Bc4 Bc5 4. c3 Nf6 5. d4 exd4 6. e5 Ng4 7. Bg5 Be7 8.
Bxe7 Qxe7 9. cxd4 Qb4+ 10. Nbd2 Qxb2 11. Rb1 Qc3 12. h3 Nh6 13. O-O Nxd4 14.
Rc1 Nxf3+ 15. Nxf3 Qb4 16. Ng5 Qe7 17. f4 O-O 18. Qc2 g6 19. g4 d6 20. Qf2 dxe5
21. Rfe1 Kg7 22. Rxe5 Qa3 23. Qd4 Qxc1+ 24. Re1+ 1-0

[Event "Tournoi Skype 027B"]
[Site "Skype"]
[Date "????.??.??"]
[Round "5.4"]
[White "Mhabdi, Mahesh"]
[Black "Bendre, Pankaj"]
[Result "0-1"]
[WhiteElo "1296"]
[BlackElo "1438"]
[PlyCount "90"]

1. e4 e6 2. d4 d5 3. exd5 exd5 4. Be3 Be6 5. Nc3 Nf6 6. Nf3 Bb4 7. Bb5+ c6 8.
Ba4 Ne4 9. Bd2 Qa5 10. Nxe4 Bxd2+ 11. Nexd2 Qxa4 12. Qe2 O-O 13. b3 Qb4 14. a3
Qc3 15. Rc1 Bg4 16. h3 Bxf3 17. Qxf3 Re8+ 18. Kd1 Qxd4 19. c3 Qc5 20. b4 Qd6
21. Re1 Nd7 22. Re3 Nf6 23. Ke1 Rxe3+ 24. fxe3 Re8 25. c4 d4 26. e4 d3 27. c5
Qd4 28. Kf1 Nxe4 29. Nxe4 Rxe4 30. Re1 Rxe1+ 31. Kxe1 d2+ 32. Kd1 Qb2 33. Qd3
Qc1+ 34. Ke2 Qe1+ 35. Kf3 d1=Q+ 36. Qxd1 Qxd1+ 37. Ke3 Qb3+ 38. Kd4 Qxa3 39.
Kc4 b5+ 40. Kd4 Qxb4+ 41. Ke5 Qxc5+ 42. Ke4 b4 43. g4 b3 44. h4 b2 45. Kf4 b1=Q
0-1

[Event "Tournoi Skype 027B"]
[Site "Skype"]
[Date "????.??.??"]
[Round "5.5"]
[White "Yilmazer, Seher"]
[Black "Cayo, Ana Carolina"]
[Result "1-0"]
[WhiteElo "1267"]
[BlackElo "1410"]
[PlyCount "67"]

1. Nf3 d5 2. d4 Nf6 3. c4 c6 4. e3 Bf5 5. Nc3 e6 6. Nh4 Bg6 7. Nxg6 hxg6 8. a3
Nbd7 9. Bd3 Bd6 10. f4 dxc4 11. Bxc4 Nb6 12. Bd3 Nbd5 13. O-O Qe7 14. e4 Nxc3
15. bxc3 Nh5 16. e5 Bc7 17. g4 Qh4 18. gxh5 Rxh5 19. Ra2 Ba5 20. Qb3 O-O-O 21.
Be3 Qh3 22. Re1 Rh4 23. Bf1 Qf5 24. a4 Rdh8 25. Rb2 Qg4+ 26. Rg2 Qh5 27. Rb1 b6
28. Qa3 Qf3 29. Bd2 Qh5 30. Ba6+ Kd8 31. Qd6+ Ke8 32. Qxc6+ Kf8 33. Qc8+ Ke7
34. Qc7+ 1-0

[Event "Tournoi Skype 027B"]
[Site "Skype"]
[Date "????.??.??"]
[Round "5.6"]
[White "Amato, Ludovica"]
[Black "Hernandez Lopez, Joaquin"]
[Result "1-0"]
[WhiteElo "1402"]
[BlackElo "1300"]
[PlyCount "75"]

1. e4 c5 2. Nf3 d6 3. d4 cxd4 4. Nxd4 Nc6 5. Nc3 a6 6. Be2 Nf6 7. O-O g6 8. Be3
Bg7 9. Qd2 O-O 10. f4 Bg4 11. Rad1 Bxe2 12. Qxe2 Qa5 13. Nb3 Qh5 14. Qxh5 Nxh5
15. Nd4 e6 16. Nxc6 bxc6 17. Rxd6 Rac8 18. Na4 Rfd8 19. Rfd1 Rxd6 20. Rxd6 Bf8
21. Rd7 Nf6 22. Ra7 Nxe4 23. Rxa6 c5 24. Ra5 c4 25. Re5 Bg7 26. Rxe4 Rd8 27.
Rxc4 Rb8 28. Nb6 Bxb2 29. Rc8+ Rxc8 30. Nxc8 Ba3 31. Nb6 Kg7 32. Nd7 Bb2 33.
Kf2 f6 34. Kf3 Kf7 35. Ke4 f5+ 36. Kd3 Ke7 37. Nb6 Kd6 38. Nc4+ 1-0

[Event "Tournoi Skype 027B"]
[Site "Skype"]
[Date "????.??.??"]
[Round "5.7"]
[White "Conde, Ramon"]
[Black "Munoz Gonzalez, Martin"]
[Result "0-1"]
[WhiteElo "1000"]
[BlackElo "1393"]
[PlyCount "44"]

1. Nf3 Nf6 2. d4 g6 3. e3 Bg7 4. Bd3 O-O 5. Nbd2 d6 6. O-O Re8 7. b3 e5 8. Bb2
e4 9. Nxe4 Nxe4 10. Re1 d5 11. h4 Bg4 12. Be2 Nd7 13. Ng5 Nxg5 14. Bxg4 Ne4 15.
h5 Ndf6 16. f3 Nxg4 17. fxg4 Qh4 18. hxg6 fxg6 19. Rf1 Rf8 20. Qe2 Rxf1+ 21.
Rxf1 Ng3 22. Qf2 Qh1# 0-1